000 00904nam a22001577a 4500
003 OSt
005 20160105153458.0
008 160105b xxu||||| |||| 00| 0 eng d
040 _cRUA
082 _aLMA MIN 2011 B308 Or.1
100 _96051
_aMIN, SAMEN.
245 _aCommune land use planning in battrng, battrang thom kaeut, battrng thom lech village, mongkol borei district, banteay mean chey province, ការរៀបចំផែនការប្រើប្រាស់ដីធ្លីថ្នាក់ឃុំ ក្នុងភូមិបត់ត្រង់ ភូមិបត់ត្រង់ធំកើត ភូមិបត់ត្រងធំលិច នៅឃុំបត់ត្រង់ ស្រុកបង្គលបុរី ខេត្តបន្ទាយមានជ័យ
260 _aPhnom Penh
_bRUA
_c2011
300 _ax; 52p.
_bill.
_c29cm.
942 _2ddc
_cLMA
999 _c5647
_d5647